000 00467nam a2200157 i 4500
001 44539
003 ES-MaACL
005 20230906161043.0
007 t|
008 030321s1955 sp ||||1| spa d
100 1 _aClemente Romeo, Esteban.
_939208
245 1 0 _aPoema del Aralar /
_cpor Esteban Clemente Romeo.
260 _aBilbao :
_b[s.n.,
_c1955] (
_fTalls. Escuelas de la J. de P. Menores)
300 _a351 p. ;
_c22 cm.
852 _aES-MaACL
_jC-11542
_bR.39483
999 _c44539
_d44539